[Event "AbuDhabiMaster"]
[Site "AbuDhabi"]
[Date "2005.??.??"]
[Round "1"]
[White "Fedorov, Alexei"]
[Black "Safarli, Eltaj"]
[Result "1/2-1/2"]
[WhiteElo "2611"]
[BlackElo "2335"]
[PlyCount "91"]
[EventDate "2005.??.??"]
[WhiteTeam "Belarus"]
[BlackTeam "Azerbaijan"]
[WhiteTeamCountry "BLR"]
[BlackTeamCountry "AZE"]

1. e4 c5 2. Nf3 e6 3. d3 d5 4. Qe2 Nc6 5. g3 Nge7 6. Bg2 g6 7. O-O Bg7 8. c3 h6
9. h4 b6 10. e5 a5 11. a4 O-O 12. Bf4 Rb8 13. Na3 Ba6 14. Nb5 Nf5 15. Rfe1 Rb7
16. Bh3 Bxb5 17. axb5 Na7 18. c4 Rd7 19. Rad1 Nc8 20. h5 g5 21. Bc1 dxc4 22.
dxc4 Nce7 23. b3 Rxd1 24. Rxd1 Qc7 25. g4 Nd4 26. Nxd4 cxd4 27. Ba3 Rd8 28. Bd6
Rxd6 29. exd6 Qxd6 30. Qe4 Bf6 31. Bf1 Kf8 32. Rd3 Qe5 33. Qa8+ Kg7 34. Rf3 Ng8
35. Bd3 Be7 36. Qe8 Bf6 37. Kg2 Qc7 38. Be4 Qe5 39. Bc2 Qc7 40. Qc6 Be5 41.
Qxc7 Bxc7 42. Rd3 Be5 43. Rd1 Nf6 44. Kf3 Nd7 45. Ke2 Kf8 46. Rb1 1/2-1/2

[Event "AbuDhabiMaster"]
[Site "AbuDhabi"]
[Date "2005.??.??"]
[Round "1"]
[White "Muralidharan, MB."]
[Black "Ghaem Maghami, Ehsan"]
[Result "0-1"]
[WhiteElo "2329"]
[BlackElo "2603"]
[PlyCount "74"]
[EventDate "2005.??.??"]
[WhiteTeam "India"]
[BlackTeam "Iran"]
[WhiteTeamCountry "IND"]
[BlackTeamCountry "IRI"]

1. e4 c5 2. Nf3 d6 3. c3 Nf6 4. Bd3 Nc6 5. Bc2 Bg4 6. d3 e6 7. Nbd2 d5 8. Qe2
Qc7 9. h3 Bh5 10. Nf1 Bd6 11. Bg5 dxe4 12. dxe4 O-O-O 13. N1d2 Bf4 14. Bxf4
Qxf4 15. g4 Bg6 16. O-O-O h5 17. g5 Nd7 18. Rhe1 h4 19. Qe3 Qxe3 20. Rxe3 Kc7
21. Rg1 b5 22. Ne1 e5 23. Nef3 Nf8 24. Rg4 Bh5 25. Rg1 Ng6 26. Bd1 Rd6 27. Be2
a6 28. a4 Kb6 29. Ne1 Bxe2 30. Rxe2 Nf4 31. Re3 Rhd8 32. Nef3 Nd3+ 33. Kc2 Nxf2
34. Rg2 Nxh3 35. Nxh4 Nf4 36. Rf2 g6 37. Ng2 Rxd2+ 0-1

[Event "AbuDhabiMaster"]
[Site "AbuDhabi"]
[Date "2005.??.??"]
[Round "1"]
[White "Guseinov, Gadir"]
[Black "Akshat, Kamparia"]
[Result "1-0"]
[WhiteElo "2585"]
[BlackElo "2296"]
[PlyCount "63"]
[EventDate "2005.??.??"]
[WhiteTeam "Azerbaijan"]
[BlackTeam "India"]
[WhiteTeamCountry "AZE"]
[BlackTeamCountry "IND"]

1. e4 c5 2. Nf3 d6 3. d4 cxd4 4. Nxd4 Nf6 5. Nc3 a6 6. Bg5 e6 7. f4 Be7 8. Qf3
Qc7 9. O-O-O Nbd7 10. g4 b5 11. Bxf6 Nxf6 12. g5 Nd7 13. f5 Bxg5+ 14. Kb1 Ne5
15. Qh5 Qd8 16. h4 Bf6 17. fxe6 O-O 18. Bh3 fxe6 19. Bxe6+ Kh8 20. Nd5 Nc4 21.
Nc6 Qe8 22. Qxe8 Rxe8 23. Nxf6 Rxe6 24. Nd5 Rxe4 25. Nc7 Bb7 26. Nxa8 Bxc6 27.
b3 Ne5 28. Rxd6 h5 29. Nc7 Re2 30. Rc1 a5 31. Ne6 Rh2 32. Ng5 1-0

[Event "AbuDhabiMaster"]
[Site "AbuDhabi"]
[Date "2005.??.??"]
[Round "1"]
[White "Grigoriants, Sergey"]
[Black "Amanov, Mesgen"]
[Result "1-0"]
[WhiteElo "2562"]
[BlackElo "2277"]
[PlyCount "75"]
[EventDate "2005.??.??"]
[WhiteTeam "Russia"]
[BlackTeam "Turkmenistan"]
[WhiteTeamCountry "RUS"]
[BlackTeamCountry "TKM"]

1. c4 Nf6 2. Nf3 b6 3. d4 e6 4. g3 Bb7 5. Bg2 Bb4+ 6. Bd2 Be7 7. Nc3 O-O 8. Qc2
c5 9. d5 exd5 10. cxd5 Na6 11. e4 Nb4 12. Qb1 Ba6 13. Bf1 Bxf1 14. Kxf1 d6 15.
Kg2 Re8 16. a3 Na6 17. b4 Bf8 18. Re1 Qd7 19. Qb3 Rac8 20. Re2 g6 21. Rae1 Bg7
22. h3 Re7 23. e5 c4 24. Qd1 dxe5 25. Rxe5 Rce8 26. Rxe7 Rxe7 27. Ne5 Qb7 28.
Qf3 Nd7 29. Nxc4 Rxe1 30. Bxe1 Ne5 31. Nxe5 Bxe5 32. Qe4 Bf6 33. d6 Qd7 34. Qd5
Nb8 35. Ne4 Bd8 36. Bc3 Qc6 37. Qe5 f6 38. Qe6+ 1-0

[Event "AbuDhabiMaster"]
[Site "AbuDhabi"]
[Date "2005.??.??"]
[Round "1"]
[White "Chernyshov, Konstantin"]
[Black "Mamedjarova, Zeinab"]
[Result "1-0"]
[WhiteElo "2548"]
[BlackElo "2262"]
[PlyCount "96"]
[EventDate "2005.??.??"]
[WhiteTeam "Russia"]
[BlackTeam "Azerbaijan"]
[WhiteTeamCountry "RUS"]
[BlackTeamCountry "AZE"]

1. d4 d5 2. Bf4 c5 3. e3 e6 4. c3 Nf6 5. Nd2 Bd6 6. Bg3 O-O 7. Ngf3 Qc7 8. Bd3
Nbd7 9. Qc2 h6 10. O-O b6 11. Bxd6 Qxd6 12. Rad1 Bb7 13. Rfe1 Rac8 14. Qa4 Qc7
15. Nf1 Ne4 16. N3d2 Nd6 17. Bb1 Rfe8 18. Ng3 b5 19. Qc2 Nf8 20. Nb3 cxd4 21.
exd4 b4 22. Nc5 bxc3 23. Qxc3 Bc6 24. Rc1 a5 25. Nh5 Nb5 26. Qe3 Qd8 27. a4 Na7
28. f4 Qh4 29. Qf3 g6 30. Ng3 Qf6 31. Ne2 Rb8 32. b3 Rb4 33. Qc3 Reb8 34. Bc2
Rc8 35. Qd2 Qd8 36. Nd3 Rbb8 37. Ne5 Kg7 38. Ng3 Be8 39. Rf1 Nc6 40. Rfd1 Nxe5
41. fxe5 Qg5 42. Nf1 Rb4 43. Qf2 Nd7 44. Qg3 Qe7 45. Ne3 Rb7 46. Rf1 Rcc7 47.
Bd3 Nf8 48. Ng4 Nh7 1-0

[Event "AbuDhabiMaster"]
[Site "AbuDhabi"]
[Date "2005.??.??"]
[Round "1.17"]
[White "Ibrahimov, Rasul"]
[Black "Amer, Mohamed"]
[Result "1-0"]
[WhiteElo "2525"]
[BlackElo "2223"]
[PlyCount "61"]
[EventDate "2005.??.??"]
[WhiteTeamCountry "RUS"]
[BlackTeamCountry "QAT"]

1. Nf3 c5 2. c4 Nc6 3. Nc3 g6 4. e3 Bg7 5. d4 d6 6. Be2 Nf6 7. d5 Nb8 8. e4 O-O
9. O-O Na6 10. Bf4 Nc7 11. h3 a6 12. a4 b6 13. e5 Nfe8 14. Qd2 Rb8 15. Rfe1 Bd7
16. b3 b5 17. axb5 axb5 18. Bf1 bxc4 19. bxc4 Rb4 20. Ra3 Qb8 21. exd6 exd6 22.
Ne4 Qb6 23. Bh6 f6 24. Bxg7 Kxg7 25. Rae3 Rb3 26. Nxf6 Nxf6 27. Re7+ Rf7 28.
Ng5 Rxe7 29. Rxe7+ Kg8 30. Nxh7 Nh5 31. Qh6 1-0

[Event "AbuDhabiMaster"]
[Site "AbuDhabi"]
[Date "2005.??.??"]
[Round "1.18"]
[White "Mamedjarova, Turkan"]
[Black "Goloshchapov, Alexander"]
[Result "1/2-1/2"]
[WhiteElo "2208"]
[BlackElo "2519"]
[PlyCount "78"]
[EventDate "2005.??.??"]
[WhiteTeamCountry "RUS"]
[BlackTeamCountry "QAT"]

1. d4 e6 2. c4 f5 3. Nc3 Bb4 4. a3 Bxc3+ 5. bxc3 Nf6 6. Nf3 O-O 7. g3 d6 8. Bg2
Qe7 9. Bg5 Nc6 10. Nd2 e5 11. d5 Na5 12. e4 h6 13. Bxf6 Rxf6 14. exf5 Bxf5 15.
Qe2 Qd7 16. O-O Qa4 17. Be4 b6 18. f4 Bh3 19. Rf2 exf4 20. Rxf4 Rxf4 21. gxf4
Rf8 22. Qd3 Qd7 23. Kh1 Rxf4 24. Re1 Bf5 25. Bxf5 Qxf5 26. Re8+ Kh7 27. Qxf5+
Rxf5 28. Kg2 Re5 29. Rf8 Re2+ 30. Rf2 Rxf2+ 31. Kxf2 Kg6 32. Kg3 Kf5 33. a4 g5
34. Nf3 Nb3 35. Ne1 Nc5 36. Nc2 Ne4+ 37. Kg2 Nxc3 38. Nd4+ Kg6 39. Nc6 a5
1/2-1/2

[Event "AbuDhabiMaster"]
[Site "AbuDhabi"]
[Date "2005.??.??"]
[Round "1.20"]
[White "Momeni, Ebrahim"]
[Black "Moradiabadi, Elshan"]
[Result "0-1"]
[WhiteElo "2198"]
[BlackElo "2485"]
[PlyCount "108"]
[EventDate "2005.??.??"]
[WhiteTeamCountry "RUS"]
[BlackTeamCountry "QAT"]

1. c4 Nf6 2. g3 c6 3. b3 d5 4. Bb2 Bf5 5. Nf3 Nbd7 6. Bg2 e6 7. O-O Bd6 8. d3
h6 9. Nbd2 Bh7 10. Re1 O-O 11. e4 dxe4 12. dxe4 e5 13. Qc2 Qe7 14. Rad1 Rfe8
15. Nh4 Ba3 16. Ba1 Bb4 17. Re2 a5 18. Nf1 a4 19. Ne3 axb3 20. axb3 Nc5 21. Bb2
Qc7 22. Nhf5 Ne6 23. Bc3 Bxc3 24. Qxc3 Bxf5 25. Nxf5 c5 26. b4 Nd4 27. Rb2 b6
28. Ne3 Ra4 29. bxc5 Qxc5 30. Qd3 Rea8 31. Rdb1 R8a6 32. Qd1 Ra2 33. h3 g6 34.
Kh2 h5 35. Qd2 Rxb2 36. Qxb2 Kg7 37. Ra1 Rxa1 38. Qxa1 Qb4 39. Qc1 Qd6 40. Qb2
Qc5 41. Kh1 Qa5 42. Qc1 Qa2 43. Qe1 Nd7 44. Bf1 Nc5 45. Nd5 Qc2 46. Nxb6 Nxe4
47. Kg2 f6 48. Nd5 Ng5 49. Nb4 Qf5 50. Kh1 Nxh3 51. f4 exf4 52. Qe7+ Kh6 53.
gxf4 Nxf4 54. Qe3 Nde6 0-1

[Event "AbuDhabiMaster"]
[Site "AbuDhabi"]
[Date "2005.??.??"]
[Round "1.21"]
[White "Simonenko, Sergei"]
[Black "Nadig, Kruttika"]
[Result "1-0"]
[WhiteElo "2483"]
[BlackElo "2198"]
[PlyCount "81"]
[EventDate "2005.??.??"]
[WhiteTeamCountry "RUS"]
[BlackTeamCountry "QAT"]

1. d4 Nf6 2. Nf3 g6 3. c4 Bg7 4. Nc3 d5 5. e3 O-O 6. Bd2 Nc6 7. Rc1 h6 8. h3
Be6 9. cxd5 Nxd5 10. e4 Nxc3 11. Bxc3 f5 12. exf5 gxf5 13. Be2 Bd5 14. O-O Bxf3
15. Bxf3 Nxd4 16. Bxb7 Rb8 17. Ba6 c5 18. Qd3 Qd6 19. Bc4+ Kh8 20. f4 e5 21.
fxe5 Bxe5 22. Rce1 Rbe8 23. Kh1 Qf6 24. Bd5 Rd8 25. Qc4 Qd6 26. Bf7 Bg7 27. b4
Qd7 28. Bh5 Qd5 29. Qxc5 Qxc5 30. bxc5 Rc8 31. Rf4 Rfd8 32. Rd1 Ne6 33. Rxd8+
Rxd8 34. Bxg7+ Nxg7 35. Bf3 Rc8 36. c6 Kg8 37. Rb4 Kf8 38. Rb7 Ne6 39. Rxa7 Rc7
40. Rb7 Ke7 41. Bd5 1-0

[Event "AbuDhabiMaster"]
[Site "AbuDhabi"]
[Date "2005.??.??"]
[Round "1.22"]
[White "Faisal, Abdulla"]
[Black "Al Sayed, Mohamad Naser"]
[Result "0-1"]
[WhiteElo "2175"]
[BlackElo "2478"]
[PlyCount "56"]
[EventDate "2005.??.??"]
[WhiteTeamCountry "RUS"]
[BlackTeamCountry "QAT"]

1. e4 c5 2. c3 d5 3. exd5 Qxd5 4. d4 Nc6 5. Nf3 Bg4 6. Be2 cxd4 7. cxd4 e6 8.
Nc3 Qa5 9. O-O Nf6 10. h3 Bh5 11. Be3 Bb4 12. Qb3 O-O 13. a3 Bxc3 14. bxc3 Nd5
15. Rfc1 Qc7 16. Qd1 Rfd8 17. Ng5 Bg6 18. c4 Nf4 19. Nf3 Bh5 20. Rab1 Rab8 21.
Rb5 Nxe2+ 22. Qxe2 Bxf3 23. Qxf3 Nxd4 24. Bxd4 Rxd4 25. Rcb1 Rxc4 26. g3 b6 27.
h4 Rd8 28. h5 h6 0-1

[Event "AbuDhabiMaster"]
[Site "AbuDhabi"]
[Date "2005.??.??"]
[Round "1.23"]
[White "Djuric, Stefan"]
[Black "Toufighi, Homayoon"]
[Result "1/2-1/2"]
[WhiteElo "2463"]
[BlackElo "2170"]
[PlyCount "60"]
[EventDate "2005.??.??"]
[WhiteTeamCountry "RUS"]
[BlackTeamCountry "QAT"]

1. e4 e6 2. d3 c5 3. Nf3 Nc6 4. g3 Nge7 5. Bg2 g6 6. O-O Bg7 7. c3 d5 8. exd5
Nxd5 9. Re1 O-O 10. Bg5 Qc7 11. Na3 a6 12. Qd2 b6 13. d4 cxd4 14. cxd4 Bb7 15.
Rac1 b5 16. Ne5 Qd6 17. Bf4 Nxf4 18. Qxf4 Na5 19. Bxb7 Nxb7 20. Qe4 Qe7 21. Rc6
Nd6 22. Qf3 Nf5 23. Nc2 Rac8 24. Qc3 Qb7 25. Rc5 Rfd8 26. Nc6 Rd7 27. Ne5 Rdc7
28. b4 Bf8 29. Ng4 Bg7 30. Ne5 Bf8 1/2-1/2

[Event "AbuDhabiMaster"]
[Site "AbuDhabi"]
[Date "2005.??.??"]
[Round "1.24"]
[White "Ghader Pour, Shayesteh"]
[Black "Raetsky, Alexander"]
[Result "1-0"]
[WhiteElo "2109"]
[BlackElo "2453"]
[PlyCount "61"]
[EventDate "2005.??.??"]
[WhiteTeamCountry "RUS"]
[BlackTeamCountry "QAT"]

1. e4 c5 2. c3 d6 3. d4 Nf6 4. Bd3 cxd4 5. cxd4 g6 6. h3 Bg7 7. Nf3 O-O 8. O-O
e5 9. dxe5 dxe5 10. Nxe5 Re8 11. Nf3 Nbd7 12. Nc3 b6 13. Bg5 Bb7 14. Re1 h6 15.
Bxf6 Bxf6 16. Bb5 Bxc3 17. bxc3 Re7 18. Qd2 Nc5 19. Qxh6 Qf8 20. Qh4 Rxe4 21.
Rxe4 Nxe4 22. Re1 Nd6 23. Ng5 Qg7 24. Bd7 Qxc3 25. Re6 Rd8 26. Rxd6 Qa1+ 27.
Kh2 Qe5+ 28. Qg3 Qxg3+ 29. Kxg3 Bc8 30. Ne4 f5 31. Be6+ 1-0

[Event "AbuDhabiMaster"]
[Site "AbuDhabi"]
[Date "2005.??.??"]
[Round "1.25"]
[White "Mahjoob, Morteza"]
[Black "Ibrahim, Ismail"]
[Result "1-0"]
[WhiteElo "2442"]
[BlackElo "2082"]
[PlyCount "72"]
[EventDate "2005.??.??"]
[WhiteTeamCountry "RUS"]
[BlackTeamCountry "QAT"]

1. Nf3 d5 2. d4 c6 3. c4 e6 4. Qc2 f5 5. g3 Nf6 6. Bg2 Bd6 7. O-O O-O 8. Nbd2
b6 9. b3 Bb7 10. cxd5 cxd5 11. Ne5 Na6 12. Ndf3 Nb4 13. Qd1 Ne4 14. a3 Nc6 15.
Bb2 Rc8 16. Qd3 Na5 17. Rfd1 Qe7 18. Nd2 Qg5 19. e3 Bxe5 20. Nf3 Qe7 21. Nxe5
g5 22. f3 Nd6 23. a4 Rc7 24. Rdc1 Rfc8 25. Rxc7 Rxc7 26. Ba3 Qd8 27. g4 Bc8 28.
Rf1 Nf7 29. f4 gxf4 30. exf4 Nxe5 31. fxe5 Qg5 32. gxf5 exf5 33. Rf3 f4 34. Qf1
Rg7 35. Rxf4 h5 36. Rf8+ Kh7 1-0

[Event "AbuDhabiMaster"]
[Site "AbuDhabi"]
[Date "2005.??.??"]
[Round "1.27"]
[White "Annaberdiev, Meilis"]
[Black "Al Sulaiti, Ghanem"]
[Result "1-0"]
[WhiteElo "2409"]
[BlackElo "2076"]
[PlyCount "72"]
[EventDate "2005.??.??"]
[WhiteTeamCountry "RUS"]
[BlackTeamCountry "QAT"]

1. d4 d5 2. Nf3 Nf6 3. Bf4 c6 4. e3 Bf5 5. Bd3 Bxd3 6. cxd3 Nbd7 7. Nc3 Nh5 8.
Bg5 Qb6 9. Rb1 h6 10. Bh4 g5 11. Bg3 Nxg3 12. hxg3 Bg7 13. b4 e6 14. O-O O-O
15. Qb3 a6 16. Rfc1 Qa7 17. a4 g4 18. Nd2 e5 19. dxe5 d4 20. exd4 Qxd4 21. Ne2
Qxe5 22. Nf4 Qf5 23. Nc4 h5 24. Nd6 Qe5 25. Nxb7 h4 26. d4 Qg5 27. Rxc6 hxg3
28. Qxg3 Bxd4 29. Rc4 Bg7 30. Nd3 f5 31. Qd6 Nf6 32. Nf4 Ne4 33. Qd5+ Rf7 34.
Rxe4 g3 35. Nd6 gxf2+ 36. Kxf2 Raa7 1-0

[Event "AbuDhabiMaster"]
[Site "AbuDhabi"]
[Date "2005.??.??"]
[Round "1.28"]
[White "Khouri, Ibraheem Mohamed"]
[Black "Kayumov, Sergey"]
[Result "0-1"]
[WhiteElo "2062"]
[BlackElo "2405"]
[PlyCount "66"]
[EventDate "2005.??.??"]
[WhiteTeamCountry "RUS"]
[BlackTeamCountry "QAT"]

1. e4 e5 2. Bc4 Nc6 3. Nf3 Bc5 4. d3 Nf6 5. c3 a6 6. O-O d6 7. Bb3 Ba7 8. Re1
O-O 9. Bg5 h6 10. Bh4 Bg4 11. Nbd2 g5 12. Bg3 Nh5 13. Nf1 Qf6 14. h3 Bxf3 15.
Qxf3 Qxf3 16. gxf3 Kg7 17. Kg2 Ne7 18. Ne3 Bxe3 19. fxe3 f5 20. d4 f4 21. exf4
Nxg3 22. Kxg3 Rxf4 23. dxe5 Raf8 24. Rf1 Ng6 25. exd6 cxd6 26. Rad1 R8f6 27.
Rd5 Ne5 28. Bd1 h5 29. Be2 g4 30. hxg4 hxg4 31. Rxd6 gxf3 32. Bxf3 Rxf3+ 33.
Rxf3 Rxd6 0-1

[Event "AbuDhabiMaster"]
[Site "AbuDhabi"]
[Date "2005.??.??"]
[Round "1.29"]
[White "Gupta, Abhijeet"]
[Black "Salem, AR Saleh"]
[Result "1-0"]
[WhiteElo "2380"]
[BlackElo "2044"]
[PlyCount "81"]
[EventDate "2005.??.??"]
[WhiteTeamCountry "RUS"]
[BlackTeamCountry "QAT"]

1. d4 d5 2. c4 e6 3. Nc3 Nf6 4. cxd5 exd5 5. Bg5 Nbd7 6. e3 Be7 7. Bd3 O-O 8.
Nf3 b6 9. O-O Bb7 10. Rc1 c5 11. Bb1 h6 12. Bf4 Rc8 13. h3 Re8 14. Bf5 Bf8 15.
Bb1 c4 16. Ne5 Nxe5 17. dxe5 Nd7 18. Bf5 Rc5 19. e6 fxe6 20. Bg6 e5 21. Bxe8
Qxe8 22. Bg3 b5 23. b4 cxb3 24. Qxb3 Nb6 25. e4 Nc4 26. Rfd1 d4 27. Nxb5 Qxb5
28. Qxb5 Rxb5 29. Rxc4 Bxe4 30. Re1 Bd3 31. Rc8 Bf5 32. Rd8 d3 33. Rxe5 Rxe5
34. Bxe5 Kf7 35. Bd6 Bxd6 36. Rxd6 Ke7 37. Rd4 Ke6 38. f4 h5 39. Kf2 h4 40. Ke3
a5 41. Ra4 1-0

[Event "AbuDhabiMaster"]
[Site "AbuDhabi"]
[Date "2005.??.??"]
[Round "?"]
[White "Marwan, Abdulwahab"]
[Black "Himdan, Maher"]
[Result "1/2-1/2"]
[WhiteElo "1983"]
[BlackElo "2337"]
[PlyCount "64"]
[EventDate "2005.??.??"]
[WhiteTeamCountry "RUS"]
[BlackTeamCountry "QAT"]

1. e4 e5 2. Nc3 Bc5 3. g3 Nf6 4. Bg2 a6 5. a4 d6 6. Nge2 Nc6 7. h3 Bd7 8. d3 h6
9. O-O g5 10. Nd5 Nxd5 11. exd5 Nd4 12. Nxd4 Bxd4 13. c3 Ba7 14. Be3 Bxe3 15.
fxe3 h5 16. e4 Qe7 17. b4 a5 18. b5 b6 19. d4 O-O-O 20. Qd3 Rdf8 21. Rf2 f6 22.
Raf1 Kd8 23. Kh2 Be8 24. Re1 Bg6 25. Qc4 Be8 26. Qd3 Rh7 27. Ref1 Rhh8 28. Re1
Bg6 29. Qc4 Qd7 30. Ref1 Ke7 31. Qd3 h4 32. g4 Rhg8 1/2-1/2

[Event "AbuDhabiMaster"]
[Site "AbuDhabi"]
[Date "2005.??.??"]
[Round "2"]
[White "Aleksandrov, Aleksej"]
[Black "Dobrov, Vladimir"]
[Result "1-0"]
[WhiteElo "2630"]
[BlackElo "2535"]
[PlyCount "51"]
[EventDate "2005.??.??"]
[WhiteTeam "Belarus"]
[BlackTeam "Russia"]
[WhiteTeamCountry "BLR"]
[BlackTeamCountry "RUS"]

1. d4 d5 2. c4 c6 3. Nf3 Nf6 4. e3 e6 5. Bd3 dxc4 6. Bxc4 Nbd7 7. O-O b5 8. Bd3
Bb7 9. e4 a6 10. a4 Nb6 11. Nc3 b4 12. Ne2 c5 13. a5 Nbd7 14. Ng3 cxd4 15. Re1
e5 16. Bc4 Be7 17. Ng5 O-O 18. Qb3 Qe8 19. Nf5 Rc8 20. Bxf7+ Rxf7 21. Nxf7 Nc5
22. N7h6+ Kf8 23. Qg3 Nh5 24. Qxe5 d3 25. Nxe7 Nf6 26. Nhf5 1-0

[Event "AbuDhabiMaster"]
[Site "AbuDhabi"]
[Date "2005.??.??"]
[Round "2"]
[White "Goloshchapov, Alexander"]
[Black "Volkov, Sergey"]
[Result "1/2-1/2"]
[WhiteElo "2519"]
[BlackElo "2622"]
[PlyCount "101"]
[EventDate "2005.??.??"]
[WhiteTeam "Ukraine"]
[BlackTeam "Russia"]
[WhiteTeamCountry "UKR"]
[BlackTeamCountry "RUS"]

1. e4 e6 2. d4 d5 3. e5 c5 4. c3 Qb6 5. Nf3 Bd7 6. Be2 Bb5 7. c4 Bxc4 8. Bxc4
dxc4 9. d5 Ne7 10. dxe6 Qxe6 11. Nc3 Nec6 12. O-O Be7 13. Bg5 O-O 14. Bxe7 Nxe7
15. Ne4 Nd7 16. Nfg5 Qc6 17. Qc2 h6 18. Rad1 Nd5 19. Nc3 hxg5 20. Rxd5 Rae8 21.
Qf5 Re6 22. Rfd1 Nb6 23. Rd6 Qe8 24. Rxe6 fxe6 25. Qxg5 Rf5 26. Qe3 Qh5 27.
Rd8+ Kh7 28. f4 Qh4 29. Rd6 Qxf4 30. Qxf4 Rxf4 31. Rxe6 Rd4 32. Re7 Rd2 33.
Rxb7 Rxb2 34. e6 Kg6 35. e7 Kf7 36. Ne4 Rb1+ 37. Kf2 Rd1 38. Rxa7 Nd7 39. Ke2
Rd4 40. Ke3 Rd3+ 41. Ke2 Rd4 42. Nc3 Kxe7 43. a4 Ke6 44. a5 Rd3 45. Ne4 Ra3 46.
Ng5+ Kd6 47. Nf7+ Kc6 48. Nd8+ Kd6 49. Nf7+ Kc6 50. Nd8+ Kd6 51. Nf7+ 1/2-1/2

[Event "AbuDhabiMaster"]
[Site "AbuDhabi"]
[Date "2005.??.??"]
[Round "2"]
[White "Kobalija, Mihail"]
[Black "Ibrahimov, Rasul"]
[Result "1-0"]
[WhiteElo "2614"]
[BlackElo "2525"]
[PlyCount "83"]
[EventDate "2005.??.??"]
[WhiteTeam "Russia"]
[BlackTeam "Azerbaijan"]
[WhiteTeamCountry "RUS"]
[BlackTeamCountry "AZE"]

1. e4 c5 2. Nf3 d6 3. d4 cxd4 4. Nxd4 Nf6 5. Nc3 a6 6. Be3 e5 7. Nb3 Be6 8. Qd2
Be7 9. f4 Ng4 10. f5 Bd7 11. Nd5 Nxe3 12. Qxe3 Bc6 13. Nxe7 Qxe7 14. O-O-O Nd7
15. Be2 Nf6 16. Bf3 a5 17. Kb1 a4 18. Nc1 h5 19. a3 Rd8 20. Rhe1 Ng4 21. Qg1 g6
22. fxg6 fxg6 23. Na2 Nf6 24. Nc3 O-O 25. Rd2 Kg7 26. Qb6 Nh7 27. Qb4 Qh4 28.
g3 Qg5 29. Rd3 h4 30. Bd1 Rf2 31. gxh4 Qxh4 32. h3 Rf6 33. Rg1 Qf2 34. Rg4 Qe1
35. Rdg3 Rdf8 36. h4 R8f7 37. Qb6 Bd7 38. Rg1 Qd2 39. R4g2 Qh6 40. Nd5 Rf1 41.
Qxd6 Rxg1 42. Rxg1 1-0

[Event "AbuDhabiMaster"]
[Site "AbuDhabi"]
[Date "2005.??.??"]
[Round "2"]
[White "Moradiabadi, Elshan"]
[Black "Ganguly, Surya Shekhar"]
[Result "1/2-1/2"]
[WhiteElo "2485"]
[BlackElo "2596"]
[PlyCount "33"]
[EventDate "2005.??.??"]
[WhiteTeam "Iran"]
[BlackTeam "India"]
[WhiteTeamCountry "IRI"]
[BlackTeamCountry "IND"]

1. e4 e5 2. Nf3 Nc6 3. Bb5 a6 4. Bxc6 dxc6 5. O-O Qf6 6. d3 h6 7. Be3 Ne7 8. d4
Ng6 9. dxe5 Nxe5 10. Nxe5 Qxe5 11. Nc3 Bc5 12. Bxc5 Qxc5 13. Qd2 Be6 14. Rad1
O-O 15. Qd4 Qe7 16. a3 a5 17. Qe3 1/2-1/2

[Event "AbuDhabiMaster"]
[Site "AbuDhabi"]
[Date "2005.??.??"]
[Round "2"]
[White "Anastasian, Ashot"]
[Black "Simonenko, Sergei"]
[Result "1-0"]
[WhiteElo "2595"]
[BlackElo "2483"]
[PlyCount "85"]
[EventDate "2005.??.??"]
[WhiteTeam "Armenia"]
[BlackTeam "TKS"]
[WhiteTeamCountry "ARM"]

1. c4 e5 2. g3 Nf6 3. Bg2 d5 4. cxd5 Nxd5 5. Nc3 Nb6 6. Nf3 Nc6 7. O-O Be7 8.
d3 O-O 9. Be3 Be6 10. Qd2 f6 11. Rfc1 Qe8 12. Qd1 Rf7 13. Nd2 Bf8 14. Na4 Nxa4
15. Qxa4 Nd4 16. Qxe8 Rxe8 17. Bxd4 exd4 18. Bxb7 Rb8 19. Bf3 Rxb2 20. Nb3 Rd7
21. h4 Bxb3 22. axb3 c5 23. Ra6 g5 24. hxg5 fxg5 25. Rca1 Rxb3 26. Bg4 Re7 27.
Be6+ Rxe6 28. Rxe6 Rb7 29. Rea6 c4 30. dxc4 Rc7 31. Rxa7 Rxc4 32. Rd7 Rc8 33.
Ra5 h6 34. Rxd4 Kf7 35. Ra6 Rc7 36. Kg2 Bg7 37. Rd5 Re7 38. e3 Rb7 39. g4 Re7
40. Rda5 Re8 41. Ra7+ Kg6 42. R5a6+ Bf6 43. Ra8 1-0

[Event "AbuDhabiMaster"]
[Site "AbuDhabi"]
[Date "2005.??.??"]
[Round "2"]
[White "Al Sayed, Mohamad Naser"]
[Black "Guseinov, Gadir"]
[Result "1/2-1/2"]
[WhiteElo "2478"]
[BlackElo "2585"]
[PlyCount "57"]
[EventDate "2005.??.??"]
[WhiteTeam "Qatar"]
[BlackTeam "Azerbaijan"]
[WhiteTeamCountry "QAT"]
[BlackTeamCountry "AZE"]

1. d4 Nf6 2. c4 g6 3. g3 c6 4. Bg2 d5 5. cxd5 cxd5 6. Nf3 Bg7 7. Nc3 O-O 8. Ne5
e6 9. O-O Nfd7 10. f4 Nc6 11. Be3 Ndxe5 12. fxe5 f6 13. exf6 Rxf6 14. Qd2 Rxf1+
15. Rxf1 Bd7 16. Kh1 Qe7 17. Bg1 Rd8 18. e4 dxe4 19. Nxe4 Bc8 20. Be3 Qb4 21.
Qc1 Rf8 22. Rxf8+ Qxf8 23. Qc4 Qb4 24. Qxb4 Nxb4 25. Nd6 Bd7 26. Nxb7 Nc2 27.
Bf2 Nxd4 28. Nc5 Bc8 29. b4 1/2-1/2

[Event "AbuDhabiMaster"]
[Site "AbuDhabi"]
[Date "2005.??.??"]
[Round "2"]
[White "Kurnosov, Igor"]
[Black "Annaberdiev, Meilis"]
[Result "0-1"]
[WhiteElo "2549"]
[BlackElo "2409"]
[PlyCount "92"]
[EventDate "2005.??.??"]
[WhiteTeam "Russia"]
[BlackTeam "Turkmenistan"]
[WhiteTeamCountry "RUS"]
[BlackTeamCountry "TKM"]

1. e4 c6 2. d4 d5 3. e5 Bf5 4. Nf3 e6 5. Be2 Nd7 6. O-O Ne7 7. Nh4 Bg6 8. c3 c5
9. Nd2 cxd4 10. cxd4 Rc8 11. Nxg6 hxg6 12. Nf3 Nc6 13. Be3 Be7 14. a3 O-O 15.
b4 Nb6 16. Nd2 a5 17. b5 Nb8 18. a4 N8d7 19. g3 Bb4 20. h4 Qc7 21. Ra2 Rfd8 22.
Bg5 Re8 23. Kg2 Nc4 24. Nf3 Nf8 25. Rh1 Be7 26. Bf4 Qd8 27. Bd3 Nb6 28. Qd2 Nc4
29. Qe2 f6 30. exf6 gxf6 31. Bh6 f5 32. Ng5 Bf6 33. Bxf8 Bxg5 34. hxg5 Kxf8 35.
Raa1 e5 36. Rh7 Rc7 37. Rh8+ Kg7 38. Rxe8 Qxe8 39. Bxc4 Rxc4 40. dxe5 Re4 41.
Qd2 Qxe5 42. Rc1 f4 43. Qxa5 Rc4 44. Re1 Re4 45. Rc1 Rc4 46. Re1 Qe4+ 0-1

[Event "AbuDhabiMaster"]
[Site "AbuDhabi"]
[Date "2005.??.??"]
[Round "2"]
[White "Iuldachev, Saidali"]
[Black "Gupta, Abhijeet"]
[Result "1/2-1/2"]
[WhiteElo "2541"]
[BlackElo "2380"]
[PlyCount "76"]
[EventDate "2005.??.??"]
[WhiteTeam "Uzbekistan"]
[BlackTeam "India"]
[WhiteTeamCountry "UZB"]
[BlackTeamCountry "IND"]

1. e4 c5 2. Nc3 d6 3. f4 Nc6 4. Nf3 g6 5. Bb5 Bd7 6. O-O Bg7 7. d3 a6 8. Bxc6
Bxc6 9. Kh1 Qd7 10. Qe1 Nh6 11. Bd2 f5 12. Nd5 Bxd5 13. exd5 Bxb2 14. Rb1 Bf6
15. Ng5 Bxg5 16. fxg5 Nf7 17. Bc3 O-O 18. Qh4 Rae8 19. Rfe1 Nd8 20. Qh6 e5 21.
dxe6 Rxe6 22. Bf6 Rfe8 23. Qh4 b5 24. h3 Nf7 25. a3 Re2 26. Rxe2 Rxe2 27. Re1
Qe6 28. Rxe2 Qxe2 29. Kh2 Qe6 30. a4 b4 31. a5 Ne5 32. Qf4 Nd7 33. Bb2 Ne5 34.
d4 Nc4 35. dxc5 Nxb2 36. cxd6 b3 37. Qd4 bxc2 38. d7 Qxd7 1/2-1/2

[Event "AbuDhabiMaster"]
[Site "AbuDhabi"]
[Date "2005.??.??"]
[Round "2"]
[White "Gleizerov, Evgeny"]
[Black "Ghader Pour, Shayesteh"]
[Result "1-0"]
[WhiteElo "2572"]
[BlackElo "2109"]
[PlyCount "109"]
[EventDate "2005.??.??"]
[WhiteTeam "Russia"]
[BlackTeam "Iran"]
[WhiteTeamCountry "RUS"]
[BlackTeamCountry "IRI"]

1. d4 Nf6 2. c4 c5 3. d5 b5 4. cxb5 a6 5. b6 e6 6. Nc3 Nxd5 7. Nxd5 exd5 8.
Qxd5 Nc6 9. Nf3 Rb8 10. e4 Be7 11. Bc4 O-O 12. Qh5 d6 13. O-O Rxb6 14. b3 Be6
15. Bxe6 fxe6 16. Qg4 Qc8 17. Bb2 e5 18. Qxc8 Rxc8 19. Nd2 Nd4 20. Nc4 Rbc6 21.
g3 Bf6 22. Kg2 Kf7 23. f4 Ke6 24. Rf2 Ra8 25. Raf1 a5 26. fxe5 dxe5 27. Ne3 a4
28. Nd5 Kf7 29. b4 Kg6 30. bxc5 Rxc5 31. Nxf6 gxf6 32. Rxf6+ Kg7 33. Ba3 Rc2+
34. Kh3 Ne2 35. R6f5 Nf4+ 36. gxf4 Rc3+ 37. Kg4 Rxa3 38. Rf2 exf4 39. Kxf4 Rc8
40. Rg2+ Kh8 41. Rf7 Rg8 42. Rc2 Rh3 43. e5 Rh4+ 44. Kf5 Rh5+ 45. Ke4 Re8 46.
Rf5 Rh4+ 47. Kd5 Rh3 48. Rcf2 Rd3+ 49. Ke4 Rdd8 50. Rf7 Rb8 51. Kf5 a3 52. e6
Rb6 53. Re2 Kg8 54. Rg2+ Kh8 55. e7 1-0